000 00979nam a22002657a 4500
003 DO-SdBNP
005 20240307073942.0
007 ta
008 210629b2013 dr ac||grf||| 001 0 spa d
020 _a9789945472240.
040 _aDO-SdBNP
_bspa
_cBNPHU
082 4 _bI59p
_222
110 2 _91629
_aInstituto Tecnológico de Santo Domingo
245 1 0 _aPlan estratégico institucional 2013-2017 del Instituto Tecnológico de Santo Domingo
260 _aSanto Domingo :
_b Instituto Tecnológico de Santo Domingo (INTEC),
_c2013.
300 _axviii, 24 p. :
_bil., retr.;
_c30 cm.
500 _aIncluye anexo.
500 _aPlan aprobado por la Junta de Regentes mediante la resolución JR/18/13 del 25 de abril de 2013.
504 _aBibliografía : p. 23
590 _aInventariado, 2021/MF
610 2 0 _aInstituto Tecnológico de Santo Domingo
_978911
650 1 4 _919531
_aPlanificación universitaria
_zRepública Dominicana
910 _aMF
942 _2ddc
_cLBS1
999 _c50014
_d50014